000 00539nam a2200205Ia 4500
005 20250923145631.0
008 008 250917s9999 xx 000 0 eng d
037 _aTextual
040 _aDSWL
_beng
_cDSWL
041 _aeng
_2eng
084 _qDSWL
100 _aSen, Anima
_9837387
245 0 _aTransfer of Training in the Mental Retardate
_c by Anima Sen
260 _aDelhi
_bSurjeet Pubs.
_c1981
300 _aii,180 p.
365 _aINR
_b50.00
925 _g50.00
942 _cTEXL
999 _c1453730
_d1453730